UN MARTIR ALEGRE : (Registro nro. 28997)
[ vista simple ]
| 000 -LEADER | |
|---|---|
| fixed length control field | 00440nam a2200169 a 4500 |
| 001 - CONTROL NUMBER | |
| control field | 28997 |
| 005 - DATE AND TIME OF LATEST TRANSACTION | |
| control field | 20180713231956.0 |
| 008 - FIXED-LENGTH DATA ELEMENTS--GENERAL INFORMATION | |
| fixed length control field | 140415s1987 mx 000 0 spa d |
| 041 ## - LANGUAGE CODE | |
| Language code of text/sound track or separate title | spa |
| 082 ## - DEWEY DECIMAL CLASSIFICATION NUMBER | |
| Classification number | 255.53092 |
| Item number | BUT |
| 100 1# - MAIN ENTRY--PERSONAL NAME | |
| Personal name | BUTERA, LUIS |
| 245 13 - TITLE STATEMENT | |
| Title | UN MARTIR ALEGRE : |
| Remainder of title | VIDA DEL PADRE MIGUEL PRO |
| 250 ## - EDITION STATEMENT | |
| Edition statement | 1a ed. |
| 260 ## - PUBLICATION, DISTRIBUTION, ETC. | |
| Place of publication, distribution, etc. | MEXICO : |
| Name of publisher, distributor, etc. | EDISEPA, |
| Date of publication, distribution, etc. | 1987 |
| 300 ## - PHYSICAL DESCRIPTION | |
| Extent | 207 |
| Dimensions | 10 x 1 x 14 |
| 650 14 - SUBJECT ADDED ENTRY--TOPICAL TERM | |
| Topical term or geographic name entry element | RELIGION |
| Withdrawn status | Lost status | Source of classification or shelving scheme | Damaged status | Not for loan | Collection code | Home library | Current library | Shelving location | Date acquired | Source of acquisition | Total Checkouts | Full call number | Barcode | Date last seen | Price effective from | Koha item type |
|---|---|---|---|---|---|---|---|---|---|---|---|---|---|---|---|---|
| Dewey Decimal Classification | Consulta en sala | General | Tehuacán | Tehuacán | Sala general | 03/12/2013 | Compra | 255.53092 BUT | 502815 | 08/01/2025 | 03/12/2013 | Reserva permanente |